000 00316nam a22001457a 4500
008 230707b ||||| |||| 00| 0 eng d
020 _a9780763704674
041 _aeng
080 _a621
082 _a621GRE
100 _a19
101 _aIE
245 _aTHE QUANTUM CHALLENGE
_cGREENSTEIN .G
942 _2udc
_cBK
999 _c60113
_d60113